|
|
|
|
| LEADER |
00000nab a2200000 a 4500 |
| 001 |
vtls000679849 |
| 003 |
SK-MaSNL |
| 005 |
20260304235419.0 |
| 008 |
250425c1998 xo 0 slo |
| 015 |
|
|
|a SNBRB1998/11-31975
|
| 035 |
|
|
|a CLN000032017
|
| 035 |
|
|
|a urn:nbn:sk:snk-aba4hc
|
| 035 |
|
|
|a (urnnbn)urn:nbn:sk:snk:ar-a09ful
|
| 035 |
|
|
|a (uuid)405e652f-0a07-4137-9223-ffc5031a2e4b
|
| 040 |
|
|
|a SNKBUCL
|b slo
|c SNKBUCL
|e AACR2
|
| 041 |
0 |
|
|a slo
|
| 044 |
|
|
|a xo
|c SK
|
| 080 |
|
|
|a 616.419-006.4:616.71
|2 1997
|
| 080 |
|
|
|a 616.71
|2 1997
|
| 245 |
0 |
0 |
|a Problém kostných zmien pri asymptomatickom mnohopočetnom myelóme a ich liečba
|c A. Sakalová ... [et al.]
|
| 300 |
|
|
|b Obr., tab.
|
| 504 |
|
|
|a Res. angl., slov.
|
| 504 |
|
|
|a Bibliogr. odkazy
|
| 650 |
0 |
7 |
|a mnohopočetný myelóm
|2 snkbucl
|9 182876
|
| 650 |
0 |
7 |
|a osteoporóza
|2 snkbucl
|9 953
|
| 650 |
0 |
7 |
|a plazmocytóm
|2 snkbucl
|9 15647
|
| 650 |
0 |
7 |
|a bifosfonáty
|2 snkbucl
|9 1388112
|
| 655 |
|
7 |
|a články z novín a časopisov
|2 snkbucl
|9 267496
|
| 700 |
1 |
|
|a Sakalová, Adriena,
|d 1930-2020
|4 aut
|9 253028
|
| 700 |
1 |
|
|a Gažová, S.
|4 aut
|9 907105
|
| 700 |
1 |
|
|a Chabroňová, I.
|4 aut
|9 907106
|
| 700 |
1 |
|
|a Holomáňová, Dagmar,
|d 1946-
|4 aut
|9 202773
|
| 700 |
1 |
|
|a Dedík, L.
|4 aut
|9 1149889
|
| 700 |
1 |
|
|a Mistrík, Martin,
|d 1951-
|4 aut
|9 10255
|
| 700 |
1 |
|
|a Hrubiško, Mikuláš,
|d 1917-2005
|4 aut
|9 239458
|
| 700 |
1 |
|
|a Tóthová, E.
|4 aut
|9 497341
|
| 700 |
1 |
|
|a Švorcová, E.
|4 aut
|9 1130206
|
| 773 |
0 |
|
|t Hematológia a transfuziológia
|g Roč. 8, č. 2-3 (1998), s. 28-35
|x 1335-2075
|
| 850 |
|
|
|a Slovenská národná knižnica
|
| 852 |
|
|
|a Slovenská národná knižnica
|
| 954 |
|
|
|a odborná, vedecká literatúra pôvodná (slovenská)
|2 lita
|
| 958 |
|
|
|a article13
|
| 958 |
|
|
|a NB
|
| 958 |
|
|
|a OND
|
| 958 |
|
|
|a EUIPO
|
| 999 |
|
|
|c 3208813
|d 3210743
|